Numerická simulácia voštinovej štruktúry pomocou metódy konečných prvkov

Saved in:
Bibliographic Details
Main Author: Drahoš, Matej (Author)
Other Authors: Jančo, Roland (Thesis advisor)
Format: Manuscript Book
Language:Slovak
Published: 2019
Subjects:
Online Access:http://is.stuba.sk/zp/portal_zp.pl?podrobnosti=147145
Tags: Add Tag
No Tags, Be the first to tag this record!

MARC

LEADER 00000ntm a22000003a 4500
001 stuzp75310
003 SK-STU
005 20190608213434.8
007 ta
008 150427s2015----xo-----f-mn---000-0-slo-d
040 |a STU  |b slo 
041 0 |a slo 
100 1 |a Drahoš, Matej  |u 020010  |k Z4  |4 aut  |U SjF Strojnícka fakulta  |T SjF Ústav aplikovanej mechaniky a mechatroniky  |X 76097  |U J0010  |Y 801  |7 76097 
242 0 1 |a Numerical solution of honeycomb structures by finite element method  |y eng 
245 1 0 |a Numerická simulácia voštinovej štruktúry pomocou metódy konečných prvkov 
260 |c 2019 
650 4 |a Voština  |2 slo 
650 4 |a bunkovité látky  |2 slo 
650 4 |a metóda konečných prvkov  |2 slo 
650 4 |a Honeycomb structures  |2 eng 
650 4 |a cellular solids  |2 eng 
650 4 |a finite elements method  |2 eng 
700 1 |a Jančo, Roland  |u 020010  |k Z1  |4 ths  |U SjF Strojnícka fakulta  |T SjF Ústav aplikovanej mechaniky a mechatroniky  |X 2227  |U J0010  |Y 801  |7 A000002227 
856 4 |u http://is.stuba.sk/zp/portal_zp.pl?podrobnosti=147145